000 00577nam a2200181Ia 4500
008 090123s9999 xx 000 0 und d
082 _b11708
_a923.254/पेंडसे
100 _aपेंडसेे मामा
245 _aकेशराचे शेत
250 _a1
260 _bविद्या प्रकाशन
_c1986
300 _a220
600 _aपेंडसेे मामा
630 _aकेशराचे शेत
700 _aपेंडसेे मामा
730 _aकेशराचे शेत
942 _cBOOK
999 _c49772
_d49772